| 000 | 03116njm a2200481Ia 4500 | ||
|---|---|---|---|
| 001 | 23855 | ||
| 003 | IT-RoPAU | ||
| 005 | 20220918181120.0 | ||
| 008 | 131025s9999 xx 000 0 und d | ||
| 040 | _aIT-RoPAU | ||
| 040 | _cIT-RoPAU | ||
| 041 | _aITALIANO | ||
| 999 |
_c99700 _d99700 |
||
| 999 | _bn.d. | ||
| 100 |
_aAA.VV. _9794 |
||
| 100 |
_eAutore musica _96647 |
||
| 100 |
_gCodice autore musica SPICS: 12000 _9796 |
||
| 245 | _aGrande canzone (La)-Lp Tnl1 3034 | ||
| 250 | _a1a ed. | ||
| 260 | _aROMA | ||
| 260 |
_bRCA (RADIO CORP. AMERICA) _c1976 [1a Ed.:1976] |
||
| 300 | _aDISCO | ||
| 300 | _c34 minuti (Testo: pag.) | ||
| 500 | _aCanzone italiana. Romanza dell'ottocento. Alcune canzoni raccolte in questo disco sono legate al film. | ||
| 505 | _aCreola [(Bechi Gino) (3:00)] - Torna piccina [(Bergonzi Carlo) (4:00)] - La spagnola [Tagliavini Ferruccio) (3:00)] - Mamma [(Bechi Gino) (3:00) - Vivere [(Bergonzi Carlo) (3:00)] - Non ti scordar di me [(Tagliavini Ferruccio) (4:00)] - Il tango delle capinere [(Bechi Gino) (3:00)] - Incantesimo [(Bergonzi Carlo) (3:00)] - La canzone dell'amore [(Tagliavini Ferruccio) (3:00)] - Terra straniera [(Bechi Gino) (3:00)] - Lasciami cantare una canzone [(Bergonzi Carlo) (3:00)] - Parlami d'amore Mariù [(Tagliavini Ferruccio) (3:00)] | ||
| 511 | _aGino Bechi Angel "Pocho" Gatti e la sua grande orchestra | ||
| 511 | _aRoberto Negri e la sua grande orchestra | ||
| 511 | _aCarlo Savina e la sua grande orchestra | ||
| 511 | _aEnnio Morricone e la sua 0rchestra | ||
| 650 |
_aCANZONE ITALIAN [DISCHI] _eCodice MATERIA SPICS: 9950 _96648 |
||
| 700 |
_aRipp _dCodice autore testo/musica SPICS: 13436 _eAutore testo/musica _pCreola _96649 |
||
| 700 |
_aBixio Cesare Andrea _dCodice autore testo/musica SPICS: 13441 _eAutore testo/musica _pTorna piccina - Mamma - Vivere - Il tango delle capinere - La canzone dell'amore - Lasciami cantare una canzone - Parlami d'amore Mariù _96650 |
||
| 700 |
_aDi Chiara Vincenzo _dCodice autore testo/musica SPICS: 13434 _eAutore testo/musica _pLa spagnola _96651 |
||
| 700 |
_aCherubini Bixio _dCodice autore testo/musica SPICS: 13442 _eAutore testo/musica _pMamma - Il tango delle capinere - La canzone dell'amore _96652 |
||
| 700 |
_aFurnò Domenico _dCodice autore musica SPICS: 13476 _eAutore musica _pNon ti scordar di me _96653 |
||
| 700 |
_aDe Curtis Ernesto _dCodice autore testo/musica SPICS: 13475 _eAutore testo/musica _pNon ti scordar di me _96654 |
||
| 700 |
_aOlivieri Dino _dCodice autore musica SPICS: 13481 _eAutore musica _pIncantesimo _96655 |
||
| 700 |
_aDeani _dCodice autore testo/musica SPICS: 15660 _eAutore testo/musica _pIncantesimo _96656 |
||
| 700 |
_aMarletta _dCodice autore musica SPICS: 15757 _eAutore musica _pTerra straniera _96657 |
||
| 700 |
_aLiberati _dCodice autore testo/musica SPICS: 22677 _eAutore testo/musica _pTerra straniera _96658 |
||
| 700 |
_aCozzoli Michele _dCodice autore testo/musica SPICS: 13648 _eAutore testo/musica _pLasciami cantare una canzone _96659 |
||
| 700 |
_aNeri Ennio _dCodice autore testo/musica SPICS: 13457 _eAutore testo/musica _pParlami d'amore Mariù _96660 |
||
| 942 |
_cMD _2ddc |
||